Elecciones y cambios políticos en América Latina /
Guardado en:
| Autor principal: | |
|---|---|
| Autores Corporativos: | , |
| Otros Autores: | , , , , , , , |
| Formato: | Texto |
| Publicado: |
Lima:
DESCO
|
| Materias: | |
| Etiquetas: |
Agregar Etiqueta
Sin Etiquetas, Sea el primero en etiquetar este registro!
|
MARC
| LEADER | 00000 a a2200000 04500 | ||
|---|---|---|---|
| 001 | 27543 | ||
| 003 | |||
| 040 | |||
| 020 | |a 9972-670-12-1 | ||
| 022 | |a 9972-670-12-1 | ||
| 090 | |a 185500 | ||
| 100 | |a Baldis, Jorge | ||
| 110 | |a DESCO | ||
| 245 | |a Elecciones y cambios políticos en América Latina / |c DESCO | ||
| 260 | |a Lima: |b DESCO | ||
| 300 | |a 158 p | ||
| 300 | |b fonodiscos | ||
| 650 | |a ELECCIONES | ||
| 650 | |a PARTIDOS POLITICOS | ||
| 650 | |a SISTEMAS ELECTORALES | ||
| 650 | |a PARTICIPACION POLITICA | ||
| 650 | |a COMPORTAMIENTO POLITICO | ||
| 650 | |a PARTICIPACION POLITICA | ||
| 650 | |a ELECCIONES | ||
| 700 | |a Ballón, Eduardo | ||
| 700 | |a Franco, Carlos | ||
| 700 | |a Gambina, Julio | ||
| 700 | |a Grompone, Romeo | ||
| 700 | |a Ledesma, Walter | ||
| 700 | |a Lynch, Nicolás | ||
| 700 | |a Pedraglio, Santiago | ||
| 700 | |a Vega, Juan Enrique | ||
| 700 | |a | ||
| 710 | |a Centro de Estudios y Promoción del Desarrollo | ||
| 999 | |c 16418 |d 16418 | ||
